| 000 | 01606nam0a2200349 4500 | ||
|---|---|---|---|
| 001 | RU\NLR\BIBL_A\016211924 | ||
| 005 | 20221128153707.0 | ||
| 010 |
_a978-5-9704-6697-1 _91000 |
||
| 021 |
_aRU _bКН-П-22-070522 _9КН-П-22-6137 |
||
| 035 | _a(NLR Aleph) 016211924 | ||
| 090 |
_a12709992 _c12709992 |
||
| 100 | _a20221118d2022 u y0rusy50 ca | ||
| 101 | 0 | _arus | |
| 102 | _aRU | ||
| 105 | _aa|||z|||000zy | ||
| 181 | 0 |
_ai3 _baxxe |
|
| 182 | 0 | _an | |
| 200 | 1 |
_aФункциональная диагностика _eнациональное руководство _fРАСФД _gглавные редакторы: академик РАЕН Н. Ф. Берестень [и др.] |
|
| 203 |
_aТекст _bвизуальный _cнепосредственный |
||
| 210 |
_aМосква _cГЭОТАР-Медиа _d2022 |
||
| 215 |
_a781 с. _cил., цв. ил., табл. _d30 |
||
| 225 | 1 | _aНациональные руководства | |
| 320 | _aБиблиогр. в конце разделов | ||
| 606 | 1 |
_aФункциональная диагностика _jРуководства, пособия и т.п _9924574 _3RU\NLR\AUTH\6620718 |
|
| 686 | 1 | _aР343.4я77 | |
| 702 | 1 |
_aБерестень _bН. Ф. _gНаталья Федоровна _4340 |
|
| 712 | 0 | 2 |
_4570 _aРоссийская ассоциация специалистов функциональной диагностики _9867345 _3RU\NLR\AUTH\8810186447 |
| 942 | _cBOOK | ||
| 980 | _aNB | ||